Normal view MARC view
  • Quiller-Couch, Arthur Thomas, Sir

Entry Personal Name

Number of records used in: 2

001 - CONTROL NUMBER

  • control field: 107580

003 - CONTROL NUMBER IDENTIFIER

  • control field: NUST

005 - DATE AND TIME OF LATEST TRANSACTION

  • control field: 20230124185713.0

008 - FIXED-LENGTH DATA ELEMENTS

  • fixed length control field: 230124|| aca||aabn | a|a d

040 ## - CATALOGING SOURCE

  • Original cataloging agency: NUST
  • Transcribing agency: NUST

100 ## - HEADING--PERSONAL NAME

  • Personal name: Quiller-Couch, Arthur Thomas, Sir

670 ## - SOURCE DATA FOUND

  • Source citation: Work cat.: (NUST)186775: Quiller-Couch, Arthur Thomas, Sir,, The splendid spur :, 1937
© 2023 Central Library, National University of Sciences and Technology. All Rights Reserved.